[Event "POL-ChT3"]
[Site "Lazy POL"]
[Date "2012.09.06"]
[Round "6"]
[White "Warakomska, Anna"]
[Black "Gosciniak, Maria"]
[Result "1/2-1/2"]
[WhiteElo "2136"]
[BlackElo "2135"]
[EventDate "2012.09.01"]

1.e4 c5 2.Nf3 d6 3.d4 cxd4 4.Nxd4 Nf6 5.Nc3 a6 6.Be2 e5 7.Nb3 Be6 8.Bf3 h6
9.O-O Be7 10.a4 b6 11.Be3 Nbd7 12.h3 Qc7 13.Qd2 O-O 14.Nc1 Nc5 15.N1e2 
Rfd8 16.Ng3 Rac8 17.Nd5 Bxd5 18.exd5 Bf8 19.Be2 b5 20.axb5 axb5 21.b4 Nce4
22.Nxe4 Nxe4 23.Qd3 Qc4 24.Qxc4 bxc4 25.Bf3 Nc3 26.Bd2 Nb5 27.c3 Nc7 28.
Ra5 f5 29.Be2 Ne8 30.b5 Nf6 31.b6 Rb8 32.Rb1 Nd7 33.Rab5 Rb7 34.f4 Rc8 35.
R5b4 Be7 36.Bd1 Nf6 37.Be2 Bd8 38.fxe5 dxe5 39.Rxc4 Rxc4 40.Bxc4 Rxb6 41.
Rxb6 Bxb6+ 42.Kf1 Kf8 43.Bb3 Bc5 44.Ke2 g5 45.h4 f4 46.hxg5 hxg5 47.g3 
fxg3 48.Kf3 Ne4 49.Bc1 g4+ 50.Kg2 Ke7 51.c4 Kf6 52.Bc2 Nd6 53.Kxg3 Nxc4 
54.Bd3 Be3 55.Bxc4 Bxc1 56.Kxg4 1/2-1/2

[Event "POL-ChT3"]
[Site "Lazy POL"]
[Date "2012.09.06"]
[Round "6"]
[White "Jasnikowski, Zbigniew"]
[Black "Butkiewicz, Lukasz"]
[Result "1/2-1/2"]
[WhiteElo "2367"]
[BlackElo "2390"]
[EventDate "2012.09.01"]

1.d4 Nf6 2.Nf3 c5 3.d5 e6 4.Nc3 exd5 5.Nxd5 d6 6.e4 Be7 7.Bc4 O-O 8.O-O 
Nxd5 9.Qxd5 Nc6 10.Qd3 Be6 11.c3 Qd7 12.Bf4 Rad8 13.Rad1 Bxc4 14.Qxc4 Qe6 
15.Qd5 Rfe8 16.Rfe1 h6 17.h3 Bf8 18.a4 Qg6 19.Kf1 Re6 20.b4 cxb4 21.cxb4 
Nxb4 22.Qxb7 d5 23.exd5 Rxe1+ 24.Nxe1 Qe4 25.Be3 Rxd5 26.Rxd5 Nxd5 27.Kg1 
Qc4 28.Bxa7 Qxa4 29.Qxd5 Qxa7 30.Nd3 Qa1+ 31.Kh2 Qf6 32.g3 Qd6 33.Qxd6 
Bxd6 34.Kg2 Kf8 35.g4 Ke7 36.Kf3 Ke6 37.Ke4 g6 38.Ne1 Bc5 39.f4 f5+ 40.
gxf5+ gxf5+ 1/2-1/2

[Event "POL-ChT3"]
[Site "Lazy POL"]
[Date "2012.09.06"]
[Round "6"]
[White "Lercel, Michal"]
[Black "Borkowski, Franciszek"]
[Result "1/2-1/2"]
[WhiteElo "2173"]
[BlackElo "2318"]
[EventDate "2012.09.01"]

1.e4 e5 2.Nf3 Nc6 3.Bb5 a6 4.Ba4 d6 5.c3 f5 6.d4 fxe4 7.Ng5 exd4 8.Qxd4 
Nf6 9.Nxe4 Nxe4 10.Qxe4+ Qe7 11.Qxe7+ Bxe7 12.O-O O-O 13.Re1 Ne5 14.Nd2 
Bg5 15.Ne4 Bxc1 16.Bb3+ Kh8 17.Rexc1 h6 18.Ng3 Bd7 19.Re1 Rae8 20.Rad1 Bb5
21.Bc2 g6 22.Be4 Bc6 23.Bxc6 Nxc6 24.f3 Kg7 25.Kf2 Re5 26.Rd2 Rfe8 27.Rde2
Rxe2+ 28.Rxe2 Rxe2+ 29.Kxe2 d5 30.Ke3 Kf6 31.Ne2 b6 32.Nf4 Ne7 33.Ne2 c5 
34.Kd3 h5 35.Ke3 g5 36.g3 Nf5+ 37.Kd3 a5 38.f4 g4 39.a4 h4 40.Kd2 h3 41.b3
Ke6 42.Kd3 Kd6 43.Kd2 d4 44.cxd4 cxd4 45.Kc2 Ne3+ 46.Kd3 Nf1 47.Nxd4 Nxg3 
48.Ke3 Nf1+ 49.Kf2 Nxh2 50.Nf5+ Kd5 51.Ne3+ Ke4 52.f5 Kf4 1/2-1/2

[Event "POL-ChT3"]
[Site "Lazy POL"]
[Date "2012.09.06"]
[Round "6"]
[White "Zyla, Janusz"]
[Black "Gomulka, Jaroslaw"]
[Result "1/2-1/2"]
[WhiteElo "2199"]
[BlackElo "2107"]
[EventDate "2012.09.01"]

1.e4 c5 2.Nf3 Nc6 3.d4 cxd4 4.Nxd4 e6 5.Nc3 Qc7 6.Be2 Nf6 7.Be3 a6 8.a3 b5
9.O-O Bb7 10.Nxc6 Bxc6 11.Qd4 d6 12.a4 bxa4 13.f3 d5 14.exd5 Nxd5 15.Nxd5 
Bxd5 16.Rxa4 Bd6 17.Qxg7 Bxh2+ 18.Kh1 Be5 19.Bf4 Bxg7 20.Bxc7 Kd7 21.Bf4 
Bxb2 22.Rxa6 Rxa6 23.Bxa6 e5 24.Be3 Ra8 25.Bd3 Ke6 26.Rb1 Ba3 27.c4 Bc6 
28.Rb6 Rc8 29.Bxh7 Kd6 30.Be4 Bc5 31.Bxc5+ Kxc5 32.Rxc6+ Rxc6 33.Bxc6 Kxc6
34.Kh2 Kc5 35.Kh3 f5 36.g4 fxg4+ 37.fxg4 Kxc4 38.g5 Kd5 39.Kg4 Ke6 40.g6 
Kf6 41.Kh5 Kg7 1/2-1/2

[Event "POL-ChT3"]
[Site "Lazy POL"]
[Date "2012.09.06"]
[Round "6"]
[White "Stepien, Marcin"]
[Black "Tworzydlo, Piotr"]
[Result "1/2-1/2"]
[WhiteElo "2132"]
[BlackElo "2104"]
[EventDate "2012.09.01"]

1.e4 c5 2.Nf3 d6 3.Bb5+ Bd7 4.Bxd7+ Qxd7 5.O-O Nf6 6.Qe2 Nc6 7.c3 e6 8.d4 
cxd4 9.cxd4 d5 10.e5 Ne4 11.Be3 Be7 12.Ne1 f6 13.f3 Ng5 14.Nd3 Nf7 15.f4 
f5 16.Nd2 b6 17.Rfc1 O-O 18.h3 Rac8 19.Nb3 Rc7 20.g4 Rfc8 21.Kh2 a5 22.a4 
Ncd8 23.Rxc7 Rxc7 24.Qd1 Nb7 25.Nd2 Bd8 26.Qb3 fxg4 27.hxg4 Qe7 28.Kg2 Nh6
29.Nf2 Qf7 30.Rh1 Qg6 31.Kf3 Rc2 32.Qb5 Qf7 33.Kg3 Qg6 34.Kf3 Qf7 35.Kg3 
Qg6 36.Kf3 Qf7 37.Kg3 Qg6 38.Kf3 1/2-1/2

[Event "POL-ChT3"]
[Site "Lazy POL"]
[Date "2012.09.06"]
[Round "6"]
[White "Kolasinski, Krzysztof"]
[Black "Zareba, Radoslaw"]
[Result "1/2-1/2"]
[WhiteElo "1978"]
[BlackElo "2049"]
[EventDate "2012.09.01"]

1.e4 c5 2.Nf3 Nc6 3.d4 cxd4 4.Nxd4 Nf6 5.Nc3 e5 6.Ndb5 d6 7.Bg5 a6 8.Na3 
b5 9.Nd5 Be7 10.Bxf6 Bxf6 11.c3 O-O 12.Nc2 Bg5 13.a4 bxa4 14.Rxa4 a5 15.
Bc4 Be6 16.O-O Rb8 17.b3 g6 18.Nce3 f5 19.exf5 gxf5 20.f4 Be7 21.Qh5 Kh8 
22.Nxe7 Qxe7 23.Nd5 Qf7 24.Qxf7 Rxf7 25.Ne3 Bxc4 26.Nxc4 Rxb3 27.fxe5 dxe5
28.Nd6 Rd7 29.Nxf5 Rxc3 30.Re1 Kg8 31.Rg4+ Kf7 32.Rh4 Kg8 33.Rg4+ Kf7 34.
Rh4 Kg8 35.Rg4+ Kf7 36.Rh4 Kg8 1/2-1/2

[Event "POL-ChT3"]
[Site "Lazy POL"]
[Date "2012.09.06"]
[Round "6"]
[White "Krokay, Urszula"]
[Black "Barburzynska, Magdalena"]
[Result "0-1"]
[WhiteElo "1868"]
[BlackElo "1913"]
[EventDate "2012.09.01"]

1.e4 c5 2.Nf3 Nc6 3.Bb5 g6 4.Bxc6 bxc6 5.O-O Bg7 6.d3 Nf6 7.Re1 O-O 8.c3 
d6 9.h3 Ne8 10.Na3 Nc7 11.Nc2 Ne6 12.Nh2 d5 13.e5 f6 14.exf6 exf6 15.d4 
cxd4 16.Nxd4 Nxd4 17.cxd4 Bf5 18.Bf4 g5 19.Bd2 Qd7 20.Bb4 Rfe8 21.Qa4 Bd3 
22.Qa3 Be2 23.Bc5 f5 24.f3 Qc7 25.Rac1 Qf4 26.Qc3 g4 27.hxg4 Re6 28.Qc2 
Rh6 29.Qxe2 Qxh2+ 30.Kf2 Qh4+ 31.Kf1 fxg4 32.f4 Qg3 33.Kg1 Qh2+ 34.Kf2 
Qxf4+ 35.Kg1 Qh2+ 36.Kf2 Rf6+ 37.Ke3 Re6+ 38.Kd3 Qg3+ 39.Kc2 Rxe2+ 40.Rxe2
Qf4 41.Rd1 Bf8 42.Bxf8 Rxf8 43.Re5 c5 0-1

[Event "POL-ChT3"]
[Site "Lazy POL"]
[Date "2012.09.06"]
[Round "6"]
[White "Jedynak, Radoslaw"]
[Black "Sygulski, Boguslaw"]
[Result "1-0"]
[WhiteElo "2492"]
[BlackElo "2254"]
[EventDate "2012.09.01"]

1.d4 d5 2.c4 dxc4 3.e4 Nf6 4.e5 Nd5 5.Bxc4 e6 6.Nc3 Nc6 7.Nge2 Nce7 8.O-O 
Nb6 9.Bd3 Bd7 10.f3 Bc6 11.Be3 Nbd5 12.Bf2 Ng6 13.Qd2 Nb4 14.Rad1 Nxd3 15.
Qxd3 Be7 16.f4 O-O 17.Qe3 Qd7 18.Bg3 Rfd8 19.d5 Bxd5 20.f5 Nh8 21.Nxd5 
exd5 22.e6 fxe6 23.fxe6 Qc6 24.Rc1 Qb6 25.Nd4 c6 26.h4 Rf8 27.Kh2 Rae8 28.
Rxf8+ Rxf8 29.h5 c5 30.Nf3 d4 31.Qe4 Qc6 32.Qxc6 bxc6 33.Ne5 Rf6 34.Nxc6 
Rxe6 35.Nxe7+ Rxe7 36.Rxc5 h6 37.Rc8+ Kh7 38.Rd8 Re2 39.Rxd4 Rxb2 40.a4 
Rb7 41.Rd6 Rf7 42.Ra6 Rf5 43.Rxa7 Rxh5+ 44.Kg1 Ng6 45.a5 Rg5 46.Bf2 Nf4 
47.Kf1 Rf5 48.g4 Rd5 49.Be3 Nd3 50.Ke2 Nb4 51.Rb7 Rxa5 52.Rxb4 Ra6 53.Kf3 
Rf6+ 54.Rf4 Kg6 55.Bd4 Re6 56.Rf5 Rd6 57.Ke4 Re6+ 58.Kf4 Rd6 59.Bc5 Rc6 
60.Rd5 Rf6+ 61.Kg3 Rc6 62.Kh4 Kh7 63.Bd4 Rg6 64.Kg3 Re6 65.Kf4 Rg6 66.Be5 
Kg8 67.Ra5 Kf7 68.Ra7+ Kg8 69.Ra1 Kf7 70.Rh1 Kg8 71.Rh5 Kf7 72.Rf5+ Kg8 
73.Kg3 Kh7 74.Kh4 Re6 75.Kg3 Rg6 76.Kf4 Kg8 77.Bd4 Rd6 78.Ke5 Rg6 79.Rf4 
Rg5+ 80.Ke6 Kh7 81.Kf7 h5 82.Rf5 1-0

[Event "POL-ChT3"]
[Site "Lazy POL"]
[Date "2012.09.06"]
[Round "6"]
[White "Markiewicz, Jerzy"]
[Black "Czakon, Jakub"]
[Result "0-1"]
[WhiteElo "2261"]
[BlackElo "2486"]
[EventDate "2012.09.01"]

1.e4 c5 2.Nf3 d6 3.d4 cxd4 4.Nxd4 Nf6 5.Nc3 Nc6 6.Bg5 Bd7 7.Qd2 Rc8 8.
O-O-O Nxd4 9.Qxd4 Qa5 10.Bxf6 gxf6 11.Bc4 Qc5 12.Qxc5 Rxc5 13.Bb3 e6 14.f4
f5 15.exf5 Rxf5 16.g3 h5 17.Ne2 Rg8 18.Nd4 Rc5 19.Rhf1 b5 20.Kb1 Rg4 21.a3
a5 22.c3 h4 23.Ne2 hxg3 24.Nxg3 Bc6 25.f5 e5 26.f6 b4 27.cxb4 axb4 28.a4 
d5 29.Nf5 d4 30.Ka2 Ra5 31.h3 Rg6 32.Rc1 Bd7 33.Ng7+ Bxg7 34.fxg7 Rxg7 35.
Rc7 Bxa4 36.Bxa4+ Rxa4+ 37.Kb3 Ra6 38.Rf5 Re6 39.Rh5 Rg3+ 40.Kxb4 Kf8 41.
Rf5 Rg7 42.Rh5 Rgg6 43.Kc4 Rc6+ 44.Rxc6 Rxc6+ 45.Kd3 Re6 46.Ke4 Ke7 47.b4 
Kd6 48.h4 f6 49.Rh8 Re7 50.h5 Ke6 51.h6 f5+ 52.Kd3 Kf6 53.b5 Kg6 54.h7 Rd7
55.b6 e4+ 56.Kd2 Rb7 0-1

[Event "POL-ChT3"]
[Site "Lazy POL"]
[Date "2012.09.06"]
[Round "6"]
[White "Szoen, Dariusz"]
[Black "Dubas, Leszek"]
[Result "1-0"]
[WhiteElo "2418"]
[BlackElo "2164"]
[EventDate "2012.09.01"]

1.e4 g6 2.d4 Bg7 3.c4 d6 4.Nc3 Nc6 5.d5 Nd4 6.Be3 c5 7.dxc6 Nxc6 8.Nge2 
Nf6 9.f3 Bd7 10.Qd2 Rc8 11.Nd4 Qa5 12.Be2 a6 13.Rc1 O-O 14.O-O Nxd4 15.
Bxd4 b5 16.Rfd1 Rfd8 17.Qe3 Rb8 18.b4 Qxb4 19.e5 dxe5 20.Bc5 Qa5 21.Bxe7 
bxc4 22.Bxd8 Qxd8 23.Bxc4 Qf8 24.Qxe5 Rb6 25.Qa5 Qb8 26.Nd5 Nxd5 27.Qxd5 
1-0

[Event "POL-ChT3"]
[Site "Lazy POL"]
[Date "2012.09.06"]
[Round "6"]
[White "Augustyn, Sebastian"]
[Black "Gluszko, Tomasz"]
[Result "1/2-1/2"]
[WhiteElo "2109"]
[BlackElo "2169"]
[EventDate "2012.09.01"]

1.e4 c5 2.Nf3 Nc6 3.d4 cxd4 4.Nxd4 Nf6 5.Nc3 d6 6.Bg5 e6 7.Qd2 a6 8.O-O-O 
Bd7 9.Kb1 h6 10.Bxf6 Qxf6 11.Nb3 Qd8 12.f4 Qc7 13.Be2 O-O-O 14.Bf3 Be7 15.
Rhe1 Kb8 16.Nd5 exd5 17.exd5 Bf6 18.dxc6 Bxc6 19.Bxc6 Qxc6 20.Qd5 Qxd5 21.
Rxd5 Kc7 22.c3 Rhe8 23.Rxe8 Rxe8 24.Kc2 Re4 25.g3 Re2+ 26.Rd2 Re3 27.Nc1 
Kc6 28.Re2 Re6 29.Kd3 g6 30.Re3 b5 31.Rxe6 fxe6 32.b3 d5 33.Ne2 e5 34.fxe5
Bxe5 35.Ng1 Bf6 36.Nh3 Be5 37.Ng1 Bf6 38.Nh3 Be5 39.Ng1 Bf6 1/2-1/2

[Event "POL-ChT3"]
[Site "Lazy POL"]
[Date "2012.09.06"]
[Round "6"]
[White "Nowak, Malgorzata"]
[Black "Jalowiec, Halina"]
[Result "1-0"]
[WhiteElo "2084"]
[BlackElo "2046"]
[EventDate "2012.09.01"]

1.d4 Nf6 2.c4 c5 3.d5 b5 4.cxb5 a6 5.bxa6 g6 6.Nc3 d6 7.g3 Bg7 8.Bg2 Bxa6 
9.Nf3 Nbd7 10.O-O O-O 11.Rb1 Qa5 12.Bd2 Rfb8 13.Re1 Ng4 14.Qc2 Nge5 15.
Nxe5 Nxe5 16.b3 Nd7 17.Na4 Qd8 18.Bf1 Nb6 19.Nxb6 Qxb6 20.e4 Bxf1 21.Rxf1 
Qa6 22.a4 Rc8 23.a5 Qb5 24.Qc4 Rcb8 25.Rfc1 Bd4 26.Kf1 f5 27.Qxb5 Rxb5 28.
exf5 gxf5 29.Rc4 Kf7 30.Ra4 Kf6 31.b4 Ke5 32.Re1+ Kxd5 33.bxc5 e5 34.cxd6 
Kxd6 35.f4 Kd5 36.fxe5 Bxe5 37.a6 Bd4 38.Be3 Ba7 39.Rd1+ Ke6 40.Bf4 Rb2 
41.Re1+ Kf7 42.Re2 Rb3 43.Ra5 Bb6 44.Rxf5+ Kg6 45.Rg5+ Kf6 46.Ra2 Ra7 47.
Rd5 Rb4 48.Bb8 Ra8 49.a7 Bd4 50.Ra6+ Kf7 51.Rd7+ Ke8 52.Rxh7 Bb6 53.Be5 
Bc5 54.Rh8+ Bf8 55.Rxf8+ 1-0

[Event "POL-ChT3"]
[Site "Lazy POL"]
[Date "2012.09.06"]
[Round "6"]
[White "Sopur, Lech"]
[Black "Plichta, Kamil"]
[Result "1-0"]
[WhiteElo "2423"]
[BlackElo "2195"]
[EventDate "2012.09.01"]
[PlyCount "61"]

1.d4 Nf6 2.c4 g6 3.Nc3 Bg7 4.e4 d6 5.Be2 O-O 6.Be3 e5 7.d5 a5 8.g4 Na6 9.
h4 Nd7 10.h5 Ndc5 11.Nh3 gxh5 12.g5 c6 13.Bxh5 b5 14.cxb5 cxb5 15.f3 b4 
16.Ne2 Qe8 17.Nf2 Qb5 18.Kf1 f5 19.gxf6 Rxf6 20.Bg5 Bd7 21.Bxf6 Bxf6 22.
Qd2 Qb8 23.Bg4 Qf8 24.Ng3 Ra7 25.Bxd7 Rxd7 26.Nf5 Nc7 27.Ng4 Ne8 28.Ke2 
Kh8 29.Rag1 Bg7 30.Qg5 Qf7 31.Rxh7+ 1-0

[Event "POL-ChT3"]
[Site "Lazy POL"]
[Date "2012.09.06"]
[Round "6"]
[White "Nguyen, Piotr"]
[Black "Rawski, Slawomir"]
[Result "1-0"]
[WhiteElo "2382"]
[BlackElo "2185"]
[EventDate "2012.09.01"]
[PlyCount "104"]

1.e4 e6 2.d4 d5 3.Nd2 dxe4 4.Nxe4 Be7 5.Nf3 Nf6 6.Bd3 Nbd7 7.Qe2 Nxe4 8.
Bxe4 O-O 9.c3 c5 10.O-O cxd4 11.Nxd4 Nc5 12.Bc2 b6 13.Re1 Ba6 14.Qf3 Bf6 
15.Qh3 g6 16.Bh6 Re8 17.Rad1 Qc7 18.Qf3 Be5 19.b4 Bb7 20.Qh3 Bxd4 21.Rxd4 
e5 22.Rh4 Ne6 23.Qe3 Rac8 24.Ba4 Red8 25.Rh3 Nf4 26.Bxf4 exf4 27.Qe7 f3 
28.gxf3 Qxc3 29.Re3 Qa1+ 30.Kg2 Bd5 31.Rd3 Qxa2 32.Bb3 Qxb3 33.Rxb3 Bxb3 
34.Qxa7 b5 35.Qe3 h5 36.Qxb3 Rc4 37.Rg3 Rdd4 38.Qb2 Kg7 39.Rg5 Rxb4 40.Qa1
Kh7 41.Re5 Ra4 42.Qb2 Rf4 43.Rxb5 h4 44.Rb8 Rad4 45.Rf8 Kh6 46.Qc3 Rd5 47.
Rh8+ Kg5 48.Rh7 Rdf5 49.Qb3 Rf6 50.Qd5+ R6f5 51.Qd8+ f6 52.Qd2 Ra5 1-0

[Event "POL-ChT3"]
[Site "Lazy POL"]
[Date "2012.09.06"]
[Round "6"]
[White "Walkusz, Witoslaw"]
[Black "Paterek, Michal"]
[Result "1/2-1/2"]
[WhiteElo "2126"]
[BlackElo "2304"]
[EventDate "2012.09.01"]
[PlyCount "81"]

1.e4 c6 2.d3 g6 3.Nf3 Bg7 4.g3 e5 5.Qe2 Ne7 6.Bg2 O-O 7.a4 d5 8.a5 Qc7 9.
Nbd2 h6 10.O-O Be6 11.Re1 Nd7 12.Nf1 Rae8 13.c4 f5 14.exd5 cxd5 15.Nxe5 
Qxe5 16.Qxe5 Nxe5 17.d4 N5c6 18.Rxe6 Nxd4 19.Rd6 Nb3 20.Rb1 Rd8 21.Bf4 g5 
22.Rxd8 Rxd8 23.Bc7 Rd7 24.cxd5 Nxd5 25.Rd1 Nd4 26.Bb8 Nb4 27.Ne3 Nbc6 28.
Bxc6 bxc6 29.a6 f4 30.gxf4 gxf4 31.Kg2 fxe3 32.fxe3 Rd5 33.exd4 Rb5 34.Be5
Rxb2+ 35.Kf3 Bf8 36.Ra1 Kf7 37.Ke4 Ke6 38.Rc1 Rb6 39.Ra1 Be7 40.Ra4 c5 41.
Bc7 1/2-1/2

[Event "POL-ChT3"]
[Site "Lazy POL"]
[Date "2012.09.06"]
[Round "6"]
[White "Skawinski, Arkadiusz"]
[Black "Kanarkiewicz, Michal"]
[Result "0-1"]
[WhiteElo "2309"]
[BlackElo "2096"]
[EventDate "2012.09.01"]
[PlyCount "94"]

1.e4 c5 2.c3 Nf6 3.e5 Nd5 4.d4 cxd4 5.Nf3 Nc6 6.Bc4 Nb6 7.Bb3 d5 8.exd6 
Qxd6 9.O-O Be6 10.Na3 dxc3 11.Nb5 Qxd1 12.Rxd1 Rc8 13.Bxe6 fxe6 14.Nxc3 h6
15.Re1 Kf7 16.Bf4 g5 17.Ne5+ Nxe5 18.Bxe5 Rg8 19.Nb5 a6 20.Nd4 Nd7 21.Bg3 
Bg7 22.Rad1 Bxd4 23.Rxd4 Nf6 24.Rb4 b5 25.a4 Rc4 26.Rxc4 bxc4 27.Rc1 Rc8 
28.Be5 Nd5 29.Kf1 Nb6 30.a5 Nd5 31.Ke2 Rc5 32.Bc3 Nf4+ 33.Ke3 e5 34.g3 
Nd5+ 35.Kd2 Ke6 36.Re1 Nxc3 37.Kxc3 Kf5 38.h3 h5 39.Ra1 Ke4 40.Ra3 g4 41.
hxg4 hxg4 42.b4 cxb3+ 43.Kxb3 Rc1 44.Kb4 Rc2 45.Ra1 Kf3 46.Rh1 Rb2+ 47.Ka4
Rxf2 0-1

[Event "POL-ChT3"]
[Site "Lazy POL"]
[Date "2012.09.06"]
[Round "6"]
[White "Zdrojewski, Wojciech"]
[Black "Flak, Pawel"]
[Result "1-0"]
[WhiteElo "2166"]
[BlackElo "2243"]
[EventDate "2012.09.01"]
[PlyCount "149"]

1.d4 e6 2.Nf3 Nf6 3.Nbd2 Be7 4.e4 d5 5.Bd3 c5 6.exd5 Nxd5 7.dxc5 Bxc5 8.
Ne4 Be7 9.O-O Nd7 10.c4 N5f6 11.Qe2 Qc7 12.b3 Nxe4 13.Bxe4 Bf6 14.Rb1 Nc5 
15.Bc2 b6 16.Bg5 Bxg5 17.Nxg5 h6 18.Nf3 Bb7 19.b4 Nd7 20.Nd4 O-O 21.f3 a6 
22.Rfd1 Qe5 23.Qf2 Rfd8 24.Rd2 Qc7 25.Bb3 Ne5 26.Qe2 Rac8 27.Rc1 Ng6 28.
Rcd1 Qe5 29.Qf2 Qg5 30.Nc2 Rxd2 31.Qxd2 Nf4 32.Kh1 e5 33.Ne1 Qe7 34.a3 Ne6
35.Qe3 Qc7 36.Nc2 Nf8 37.Qd3 Ne6 38.Qe3 Nf8 39.Qd3 Ne6 40.Qe3 Re8 41.Kg1 
Nf4 42.Ne1 Bc8 43.Nd3 Ng6 44.c5 bxc5 45.Nxc5 Nh4 46.Qd3 Qa7 47.Kh1 Nf5 48.
Bc2 g6 49.Re1 Qb6 50.Qd5 Qf6 51.Ba4 Qh4 52.Rd1 Ng3+ 53.Kg1 Ne2+ 54.Kh1 Nc3
55.Qc6 Rf8 56.Rc1 Rd8 57.g3 Qh3 58.Bb3 Kg7 59.Ne6+ fxe6 60.Qxc3 Qf5 61.Bc2
Qf6 62.Be4 Kg8 63.Bc2 Kg7 64.a4 h5 65.b5 axb5 66.axb5 h4 67.Rd1 Rh8 68.g4 
Qf7 69.Qc6 Qa7 70.b6 Qa2 71.b7 h3 72.Rg1 Bxb7 73.Qxb7+ Kh6 74.g5+ Kh5 75.
Qg7 1-0

[Event "POL-ChT3"]
[Site "Lazy POL"]
[Date "2012.09.06"]
[Round "6"]
[White "Leszner, Liliana"]
[Black "Maszota, Natalia"]
[Result "1-0"]
[WhiteElo "2068"]
[BlackElo "2116"]
[EventDate "2012.09.01"]
[PlyCount "73"]

1.e4 e6 2.d3 d5 3.Nd2 Nf6 4.g3 b6 5.Bg2 Ba6 6.e5 Nfd7 7.f4 Nc6 8.Ngf3 Qe7 
9.a3 h6 10.h4 O-O-O 11.b4 f6 12.Bb2 Rg8 13.c4 dxc4 14.dxc4 Bb7 15.Qa4 fxe5
16.fxe5 Ncxe5 17.Nxe5 Bxg2 18.Rh2 Nxe5 19.Bxe5 Bb7 20.Qxa7 g5 21.c5 Bg7 
22.Nc4 Bxe5 23.c6 Bc3+ 24.Ke2 Bxc6 25.Nxb6+ cxb6 26.Qxe7 Bxa1 27.hxg5 Bb5+
28.Kf3 Rdf8+ 29.Ke3 Bc4 30.Rc2 b5 31.a4 Rf5 32.Qxe6+ Kb7 33.Qxf5 Re8+ 34.
Kf3 Re7 35.g6 Bd4 36.axb5 Be6 37.Qe4+ 1-0

[Event "POL-ChT3"]
[Site "Lazy POL"]
[Date "2012.09.06"]
[Round "6"]
[White "Jaworski, Miroslaw"]
[Black "Kalinin, Oleg"]
[Result "1-0"]
[WhiteElo "2307"]
[BlackElo "2336"]
[EventDate "2012.09.01"]
[PlyCount "85"]

1.d4 Nf6 2.c4 c5 3.d5 g6 4.Nc3 d6 5.e4 Bg7 6.h3 O-O 7.Nf3 e6 8.Bd3 exd5 9.
cxd5 Re8 10.O-O c4 11.Bc2 b5 12.a3 a6 13.Re1 Nbd7 14.Bf4 Qc7 15.Qd2 Bb7 
16.Bh2 Rad8 17.Rad1 h6 18.Nd4 Qc5 19.Re2 Ne5 20.Bf4 Kh7 21.Be3 Qc7 22.f4 
Ned7 23.Bf2 Nc5 24.Nf3 Qc8 25.Bd4 Kg8 26.Qe1 Nh5 27.Qh4 Qc7 28.Bxg7 Kxg7 
29.e5 Qe7 30.Qg4 Nd3 31.f5 dxe5 32.fxg6 fxg6 33.Bxd3 cxd3 34.Rxe5 Qc5+ 35.
Kh1 Rxe5 36.Nxe5 Qd6 37.Nxd3 Ng3+ 38.Kg1 Nf5 39.Nf4 Bc8 40.Qf3 Kh7 41.Re1 
Ng7 42.Ne4 Qe5 43.Ne6 1-0

[Event "POL-ChT3"]
[Site "Lazy POL"]
[Date "2012.09.06"]
[Round "6"]
[White "Walach, Marcin"]
[Black "Obrusnik, Michal"]
[Result "1/2-1/2"]
[WhiteElo "2349"]
[BlackElo "2239"]
[EventDate "2012.09.01"]
[PlyCount "40"]

1.e4 c5 2.c3 g6 3.d4 cxd4 4.cxd4 d5 5.e5 Bg7 6.Nc3 f6 7.f4 Nh6 8.Nf3 Nc6 
9.Be3 fxe5 10.fxe5 O-O 11.Qb3 e6 12.Rd1 Nf5 13.Bf2 Bh6 14.Rd3 b6 15.Be2 
Na5 16.Qb4 Nc6 17.Qb3 Na5 18.Qb4 Nc6 19.Qb3 Na5 20.Qb4 Nc6 1/2-1/2

[Event "POL-ChT3"]
[Site "Lazy POL"]
[Date "2012.09.06"]
[Round "6"]
[White "Helis, Tadeusz"]
[Black "Kornasiewicz, Stanislaw"]
[Result "1-0"]
[WhiteElo "2235"]
[BlackElo "2214"]
[EventDate "2012.09.01"]
[PlyCount "115"]

1.Nf3 f5 2.d4 d5 3.g3 e6 4.Bg2 Be7 5.O-O Nf6 6.c4 c6 7.b3 O-O 8.Ba3 Nbd7 
9.Qc1 Re8 10.Qb2 Ne4 11.e3 Bf6 12.Ne5 Nxe5 13.dxe5 Be7 14.Bxe7 Qxe7 15.f3 
Ng5 16.Nd2 Rd8 17.Rfd1 Bd7 18.f4 Ne4 19.Nf3 Be8 20.cxd5 cxd5 21.Nd4 Nc5 
22.Rac1 Rac8 23.Qa3 b6 24.Rc3 a5 25.Rdc1 Kf7 26.R1c2 Ra8 27.Qc1 Kg8 28.a3 
h6 29.Bf1 Qf7 30.b4 axb4 31.axb4 Ne4 32.Rc7 Qg6 33.Re7 Bf7 34.Rb7 Rdb8 35.
Rxb8+ Rxb8 36.Rc8+ Rxc8 37.Qxc8+ Kh7 38.Qc7 Nxg3 39.hxg3 Qxg3+ 40.Kh1 Bh5 
41.Qc3 Bg4 42.Qd2 Qh4+ 43.Kg1 Qe7 44.Bg2 h5 45.Nc6 Qe8 46.b5 h4 47.Qf2 Qh5
48.Nd4 h3 49.Bf1 Qg6 50.Kh2 Qh6 51.Qg3 g5 52.fxg5 Qxg5 53.Nxe6 Qe7 54.Nd4 
Qa3 55.Bxh3 Qb2+ 56.Bg2 Qd2 57.e6 Qb4 58.Bxd5 1-0

[Event "POL-ChT3"]
[Site "Lazy POL"]
[Date "2012.09.06"]
[Round "6"]
[White "Osipow, Nikolaj"]
[Black "Polok, Kacper"]
[Result "1/2-1/2"]
[WhiteElo "2179"]
[BlackElo "2146"]
[EventDate "2012.09.01"]
[PlyCount "83"]

1.c4 f5 2.d4 e6 3.Nc3 Nf6 4.Bf4 Bb4 5.Qb3 a5 6.a3 Bxc3+ 7.Qxc3 b6 8.Qg3 d6
9.Qxg7 Rg8 10.Qh6 Rg6 11.Qh3 Qe7 12.Nf3 Nc6 13.O-O-O Ne4 14.Nd2 e5 15.dxe5
dxe5 16.Bg3 Nxd2 17.Rxd2 f4 18.Qh4 fxg3 19.hxg3 Qxh4 20.Rxh4 Rf6 21.e3 Bf5
22.f4 Bg6 23.Bd3 Rd8 24.Bxg6+ hxg6 25.Rd5 g5 26.Rh8+ Rf8 27.Rh6 Rxd5 28.
cxd5 Ne7 29.d6 Nf5 30.dxc7 Kd7 31.Rxb6 Kxc7 32.Rb5 exf4 33.exf4 gxf4 34.
gxf4 Nd4 35.Rg5 Rxf4 36.Kd2 Nf5 37.g3 Rf3 38.g4 Nd4 39.Rxa5 Nb3+ 40.Ke2 
Nd4+ 41.Ke1 Rg3 42.g5 1/2-1/2

[Event "POL-ChT3"]
[Site "Lazy POL"]
[Date "2012.09.06"]
[Round "6"]
[White "Wieczorek, Zbigniew"]
[Black "Knopik, Krzysztof"]
[Result "1/2-1/2"]
[WhiteElo "2307"]
[BlackElo "2127"]
[EventDate "2012.09.01"]
[PlyCount "80"]

1.Nf3 Nf6 2.g3 g6 3.Bg2 Bg7 4.c4 d6 5.Nc3 O-O 6.d4 Nc6 7.O-O Bg4 8.d5 Na5 
9.Qa4 c5 10.dxc6 Nxc6 11.Be3 Bd7 12.Qd1 Ng4 13.Bd2 Rb8 14.Rc1 Nge5 15.Nxe5
Nxe5 16.Nd5 Bc6 17.Bg5 Re8 18.b4 a5 19.bxa5 Ra8 20.Bd2 e6 21.Nb6 Ra6 22.
Bb4 Bxg2 23.Kxg2 Nc6 24.Qxd6 Nxa5 25.Qxd8 Rxd8 26.Bxa5 Rxa5 27.Rc2 Bd4 28.
c5 Rxc5 29.Rxc5 Bxc5 30.Rb1 Rd2 31.Kf1 Rxa2 32.Nd7 b6 33.Nxb6 Bxb6 34.Rxb6
Kg7 35.Rb7 Kf6 36.e3 h5 37.h4 Rc2 38.Kg2 Ra2 39.Rc7 Rb2 40.Ra7 Rc2 1/2-1/2

[Event "POL-ChT3"]
[Site "Lazy POL"]
[Date "2012.09.06"]
[Round "6"]
[White "Gonsior, Monika"]
[Black "Cherednichenko, Elena"]
[Result "0-1"]
[WhiteElo "2028"]
[BlackElo "2160"]
[EventDate "2012.09.01"]
[PlyCount "90"]

1.e4 e5 2.Nc3 Nc6 3.Bc4 Nf6 4.d3 Na5 5.Nge2 d6 6.h3 Be7 7.Be3 Nxc4 8.dxc4 
Be6 9.Qd3 O-O 10.g4 c6 11.O-O-O Qa5 12.Ng3 Rfd8 13.Nf5 Bxf5 14.gxf5 d5 15.
exd5 cxd5 16.Bd2 dxc4 17.Qxc4 Qc5 18.Qe2 e4 19.f3 Qxf5 20.fxe4 Qh5 21.Qg2 
Rac8 22.Rhg1 g6 23.Rdf1 Qc5 24.Bg5 Ne8 25.Bxe7 Qxe7 26.Nd5 Qe6 27.Qg5 f6 
28.Nxf6+ Nxf6 29.Qxf6 Rxc2+ 30.Kxc2 Qxe4+ 31.Kb3 Rd3+ 32.Qc3 Qd5+ 33.Kc2 
Rxc3+ 34.Kxc3 Qxa2 35.h4 Qa5+ 36.b4 Qe5+ 37.Kb3 Qe3+ 38.Ka4 Qe8+ 39.Ka3 
Qe5 40.Kb3 Qd5+ 41.Kc3 b5 42.Rg4 Qe5+ 43.Rd4 Qg3+ 44.Rd3 Qxh4 45.Rfd1 Qc4+
0-1

[Event "POL-ChT3"]
[Site "Lazy POL"]
[Date "2012.09.06"]
[Round "6"]
[White "Mickiewicz, Piotr"]
[Black "Jurkiewicz, Krzysztof"]
[Result "1/2-1/2"]
[WhiteElo "2363"]
[BlackElo "2314"]
[EventDate "2012.09.01"]
[PlyCount "104"]

1.e4 d5 2.exd5 Qxd5 3.Nc3 Qa5 4.d4 Nf6 5.Nf3 Bf5 6.Bc4 c6 7.Bd2 Qc7 8.Qe2 
Nbd7 9.O-O-O e6 10.Nh4 Bg6 11.Nxg6 hxg6 12.g3 O-O-O 13.Bg5 Nb6 14.Bb3 Be7 
15.h4 Nbd5 16.Ne4 Nxe4 17.Qxe4 Bxg5+ 18.hxg5 Ne7 19.c3 Qa5 20.Bxe6+ fxe6 
21.Qxe6+ Kb8 22.Rxh8 Rxh8 23.Qxe7 Qxa2 24.Qe5+ Ka8 25.Re1 a5 26.Qe6 Qa4 
27.Qxg6 Rh2 28.Qe8+ Ka7 29.Qe3 Ka6 30.Kb1 Qb3 31.Qe2+ Ka7 32.Qe3 Ka6 33.
Qe2+ Ka7 34.Qe5 Ka6 35.Qf5 a4 36.Qf8 a3 37.Qa8+ Kb6 38.Qd8+ Ka6 39.Qa8+ 
Kb6 40.Qxa3 Qxa3 41.bxa3 Rxf2 42.Re7 g6 43.Rg7 Rg2 44.Rxg6 Kb5 45.Rg7 Kc4 
46.Rxb7 Kxc3 47.a4 Rxg3 48.d5 cxd5 49.Rg7 d4 50.g6 d3 51.Rc7+ Kb3 52.Kc1 
Rxg6 1/2-1/2

[Event "POL-ChT3"]
[Site "Lazy POL"]
[Date "2012.09.06"]
[Round "6"]
[White "Zielinski, Maciej"]
[Black "Khamidov, Komil"]
[Result "1-0"]
[WhiteElo "2073"]
[BlackElo "2113"]
[EventDate "2012.09.01"]
[PlyCount "111"]

1.e4 e5 2.Nf3 Nc6 3.Bb5 Nge7 4.O-O g6 5.c3 Bg7 6.d4 exd4 7.cxd4 d5 8.exd5 
Nxd5 9.Re1+ Be6 10.Bxc6+ bxc6 11.Bg5 Qb8 12.Qd2 h6 13.Bh4 O-O 14.Nc3 c5 
15.dxc5 Nxc3 16.bxc3 Qb5 17.Nd4 Qxc5 18.Nxe6 fxe6 19.Rac1 Rab8 20.Bg3 e5 
21.h3 Rb6 22.Rc2 Rfb8 23.Kh2 Kh7 24.Qe3 Qxe3 25.Rxe3 Rb2 26.Rxb2 Rxb2 27.
a4 Ra2 28.Re4 c6 29.f3 h5 30.Kg1 Ra3 31.Rc4 e4 32.fxe4 Rxc3 33.Rxc3 Bxc3 
34.Kf1 Kg7 35.Ke2 Kf6 36.Kd3 Bb4 37.Kc4 a5 38.Bc7 Ke6 39.Bg3 Bd2 40.Bc7 
Bb4 41.Bg3 Kd7 42.Be5 Ke6 43.Bg7 Kf7 44.Bc3 c5 45.Be5 Ke6 46.Bf4 Ba3 47.
Bc7 Bb4 48.Kb5 Kf6 49.Bxa5 Bxa5 50.Kxa5 Ke5 51.Kb5 Kd4 52.a5 c4 53.a6 c3 
54.a7 c2 55.a8=Q c1=Q 56.Qd5+ 1-0